Movies By 1 Actor and 1 Actress - Nicole Kidman Edition - Statistics

General Stats
  • This quiz has been taken 18 times
  • The average score is 9 of 26
Answer Stats
Cast Movie % Correct
Ewan McGregor, Caroline O'Connor Moulin Rouge
80%
Jason Momoa, Julie Andrews Aquaman
67%
Hugh Jackman, Essie Davis Australia
67%
Val Kilmer, Drew Barrymore Batman Forever
60%
Will Ferrell, Heather Burns Bewitched
47%
Margot Robbie, John Lithgow Bombshell
47%
Anya Taylor-Joy, Ethan Hawke The Northman
47%
Javier Bardem, Nina Arianda Being the Ricardos
40%
Tom Cruise, Michelle Johnson Far and Away
40%
Robin Williams, Brittany Murphy Happy Feet
40%
Hugh Bonneville, Sally Hawkins Paddington
40%
Sandra Bullock, Mark Feuerstein Practical Magic
40%
Chiwetel Ejiofor, Julia Roberts Secret in Their Eyes
40%
Meryl Streep, Ed Harris The Hours
40%
Adam Sandler, Jennifer Aniston Just Go With It
33%
Jeffrey Wright, Sarah Paulson The Goldfinch
33%
Colin Farrell, Kirsten Dunst The Beguiled
27%
George Clooney, Joan Copeland The Peacemaker
27%
Joaquin Phoenix, Illeana Douglas To Die For
20%
Lauren Bacall, Paul Bettany Dogville
13%
James Franco, Jenny Agutter Queen of the Desert
13%
Nicolas Cage, Emily Meade Trespass
7%
Dustin Hoffman, Frances Conroy Billy Hathgate
0%
Anthony Hopkins, Jacinda Barrett The Human Strain
0%
John Malkovich, Mary Louise-Parker The Portrait of a Lady
0%
Colin Farrell, Alicia Silverstone Thr Killing of a Sacred Deer
0%
No matching quizzes found
Score Distribution
Percent of People with Each Score
Percentile by Number Answered
Your Score History
You have not taken this quiz